00792nam a2200145Ia 450000500170000000800410001702000180005808200170007610000270009324500360012026000370015630000140019350004140020765000250062120250728154341.0250728s9999 xx 000 0 und d a9780521003438 a951.249bEDM aEdmonds, Richard Louis 0aTaiwan in the Twentieth Century bCambridge University Pressc2001 a216 pages aThis book brings together a group of experts on Taiwan who attempt to analyse change on this dynamic island during the whole of the twentieth century. Thus in contrast to many works on Taiwan, this book shows just how important the Japanese colonial antecedents were to the formation of today's Taiwan and help us to understand the complexity of the problems this island will face in the twenty-first century. aBusiness & Economics